000 00677nam a2200205Ii 4500
003 JO-AjNU
008 230605s9999||||xx |||||||||||||| ||und||
040 _aJO-AjNU
_bara
_erda
_cJO-AjNU
041 _aara
050 1 4 _aAC106.N3644 1987
100 3 _aالنقاش، رجاء,
_eauthor
_952927
245 0 0 _aتأملات في الإنسان
250 _aط4
264 3 1 _aبيروت: المؤسسة العربية للدراسات والنشر، 1987
300 _a172ص
336 _atext
_btxt
_2rdacontent
337 _aunmediated
_bn
_2rdamedia
338 _avolume
_bnc
_2rdacarrier
650 4 _aالادب العربي- مصر- مقالات ومحاضرات
_952928
999 _aA23474
_c27042
_d27042